书目信息 |
| 题名: |
学校体育科研
|
|
| 作者: | 何敏学 主编 | |
| 分册: | ||
| 出版信息: | 北京 高等教育出版社 2001 |
|
| 页数: | 239页 | |
| 开本: | 20cm | |
| 丛书名: | ||
| 单 册: | ||
| 中图分类: | G812.6 | |
| 科图分类: | ||
| 主题词: | 体育事业--世界 | |
| 电子资源: | ||
| ISBN: | 7-04-009656-0 | |
| 000 | 00619nam0 2200205 450 | |
| 001 | 0661395898 | |
| 005 | 20061010170443.31 | |
| 010 | @a7-04-009656-0@dCNY8.40 | |
| 100 | @a20061010d2001 km y0chiy0120 ea | |
| 101 | 0 | @achi |
| 102 | @aCN@b110000 | |
| 200 | 1 | @a学校体育科研@Axue xiao ti yu ke yan@f何敏学主编@Fhe min xue zhu bian |
| 210 | @a北京@c高等教育出版社@d2001 | |
| 215 | @a239页@d20cm | |
| 300 | @a教育部师范教育司组织编写中学教师进修高等师范本科(专科起点)教材 | |
| 606 | 0 | @a体育事业@x世界 |
| 690 | @aG812.6@v3 | |
| 701 | 0 | @a何敏学@Ahe min xue@4主编 |
| 801 | 0 | @aCN@bPFT@c20061010 |
| 905 | @a10447@dG812.6@e45 | |
| 学校体育科研/何敏学主编.-北京:高等教育出版社,2001 |
| 239页;20cm |
| 教育部师范教育司组织编写中学教师进修高等师范本科(专科起点)教材 |
| ISBN 7-04-009656-0:CNY8.40 |
| ● |
| 相关链接 |
|
|
|
|
正题名:学校体育科研
索取号:G812.6/45
 
预约/预借
| 序号 | 登录号 | 条形码 | 馆藏地/架位号 | 状态 | 备注 |
| 1 | 0494549 | 204945499 | 密集书库/ [索取号:G812.6/45] | 在馆 |